000 00350nam a2200145Ia 4500
008 191201s2011 xx 000 0 und d
082 _a519.2
_bSRR
100 _aSRINATH, L.S
245 0 _aReliability Engineering
250 _aRep
260 _aN. Delhi
_bEast West Press Pvt Ltd
_c2011
300 _a338
650 _aM.Tech (ME)
942 _2ddc
_cBK
999 _c5085
_d5085